000 01443nam a22002537a 4500
003 NALT
005 20251125233019.0
008 s2549 th tha d
040 _aNALT
041 _atha
090 _aKE144
_bค123พ 2549
110 0 _aคณะกรรมการสิทธิมนุษยชนแห่งชาติ
245 1 0 _aพระราชบัญญัติคณะกรรมการสิทธิมนุษยชนแห่งชาติ พ.ศ. 2542 /
_cคณะกรรมการสิทธิมนุษยชนแห่งชาติ.
250 _aพิมพ์ครั้งที่ 5
260 _aกรุงเทพฯ :
_bสำนักงานคณะกรรมการสิทธิมนุษยชนแห่งชาติ,
_c2549.
300 _a27 หน้า ;
_b21 ซม.
610 _aสำนักงานคณะกรรมการสิทธิมนุษยชนแห่งชาติ
650 0 4 _aคณะกรรมการสิทธิมนุษยชนแห่งชาติ (พ.ร.บ.) -- 2542
650 0 4 _aคณะกรรมการสิทธิมนุษยชนแห่งชาติ (พ.ร.บ.) -- 2542
850 _aNALT
856 4 0 _uhttps://hdl.handle.net/20.500.14156/460941
942 _cLB
_2lcc
999 _c51029
_d51029
998 _j109
_k อารีรัตน์ วิชาช่าง